| 000 | 00581nam a2200181 i 4500 | ||
|---|---|---|---|
| 001 | 171811 | ||
| 003 | ES-MaACL | ||
| 005 | 20231228210332.0 | ||
| 008 | 090602s1965 fr |||| | fre d | ||
| 080 | _a821.134.2-6"19" | ||
| 100 | 1 |
_aSolís, Ramón, _d1923-1978 _9107215 |
|
| 245 | 1 | 3 |
_aUn siècle frappe a la porte : _broman / _cRamón Solís ; traduit de l'espagnol par Thérèse Poyás. |
| 260 |
_aParis : _bAlbin Michel, _c[1965] |
||
| 300 |
_a358 p. ; _c20 cm. |
||
| 700 | 1 |
_aPoyas, Thérèse. _9140428 |
|
| 852 |
_aES-MaACL _jC-26194 |
||
| 999 |
_c171811 _d171811 |
||